000 00659nam a2200217Ii 4500
003 JO-AjNU
008 230606s9999||||xx |||||||||||||| ||und||
020 _a0-07-060085-6
040 _aJO-AjNU
_beng
_erda
_cJO-AjNU
041 _aeng
050 1 4 _aBF176.2005
100 3 _aCohen,Ronald Jay , Swerdlik,Mark E,
_eauthor
_9373
245 0 0 _aPsychological Testing and Assessment
250 _a6 ed
264 3 1 _aNew Delhi:Tata McGraw Hill Education , 2009
300 _a418P
336 _atext
_btxt
_2rdacontent
337 _aunmediated
_bn
_2rdamedia
338 _avolume
_bnc
_2rdacarrier
650 4 _aPsychological tests -- Problems, exercises, etc
_9374
999 _aE198
_c198
_d198